Nghệ thuật biểu diễn truyền thống người Việt Hà Tây
Giới thiệu tổng quan xứ sở, văn hoá, nghệ thuật âm nhạc, múa, sân khấu truyền thống của người Việt vùng Hà Tây
Bewaard in:
| Hoofdauteur: | |
|---|---|
| Andere auteurs: | , |
| Formaat: | Boek |
| Taal: | Vietnamese |
| Gepubliceerd in: |
H.
Văn hoá Thông tin
2011
|
| Onderwerpen: | |
| Tags: |
Voeg label toe
Geen labels, Wees de eerste die dit record labelt!
|
| Thư viện lưu trữ: | Mạng thư viện Đại học Đà Nẵng |
|---|
| LEADER | 01631aam a22004098a 4500 | ||
|---|---|---|---|
| 001 | 000015883 | ||
| 003 | 12269 | ||
| 005 | 20120605160655.0 | ||
| 008 | 120605s2011 viesd | ||
| 020 | |d 2000b | ||
| 041 | 0 | |a vie | |
| 082 | 1 | 4 | |2 14 |a 790.20959731 |b LÊ-C |
| 100 | 1 | |a Lê Ngọc Canh | |
| 245 | 1 | 0 | |a Nghệ thuật biểu diễn truyền thống người Việt Hà Tây |c Lê Ngọc Canh, Tô Đông Hải, Lưu Danh Doanh |
| 260 | |a H. |b Văn hoá Thông tin |c 2011 | ||
| 300 | |a 309tr. |b sơ đồ, bảng |c 21cm | ||
| 500 | |a ĐTTS ghi: Hội Văn nghệ dân gian Việt Nam | ||
| 504 | |a Phụ lục: tr. 241-268. - Thư mục: tr. 271-276 | ||
| 520 | |a Giới thiệu tổng quan xứ sở, văn hoá, nghệ thuật âm nhạc, múa, sân khấu truyền thống của người Việt vùng Hà Tây | ||
| 650 | 7 | |2 Bộ TK TVQG |a Nghệ thuật biểu diễn | |
| 650 | 7 | |2 Bộ TK TVQG |a Nghệ thuật truyền thống | |
| 650 | 7 | |2 Bộ TK TVQG |a Dân tộc Kinh | |
| 650 | |a Người Việt | ||
| 651 | 7 | |2 Bộ TK TVQG |a Hà Tây | |
| 651 | 7 | |2 Bộ TK TVQG |a Hà Nội | |
| 700 | 1 | |a Lưu Danh Doanh | |
| 700 | 1 | |a Tô Đông Hải | |
| OWN | |a LSP | ||
| AVA | |a UDN50 |b LSP |d 790.20959731 LÊ-C |e available |t Error 5001 Not defined in file expand_doc_bib_avail. |f 1 |g 0 |h N |i 0 |k 1 | ||
| 999 | |a From the UDN01 | ||
| AVA | |a UDN50 |b LSP |d 790.20959731 LÊ-C |e available |t Error 5001 Not defined in file expand_doc_bib_avail. |f 1 |g 0 |h N |i 0 |k 1 | ||
| TYP | |a Monograph | ||
| TYP | |a Printed language | ||
| 980 | |a Mạng thư viện Đại học Đà Nẵng | ||